| 000 | 01308nam2a2200229 4500 | ||
|---|---|---|---|
| 001 | rc\2902510 | ||
| 005 | 20260315053746.0 | ||
| 035 | _a(NLR Aleph) 007053769 | ||
| 090 |
_a13591317 _c13591317 |
||
| 100 | _a20110813d1940 u y0rusy50 ca | ||
| 101 | 0 | _arus | |
| 102 | _aRU | ||
| 105 | _ay z ||||| | ||
| 200 | 1 | _aЦена отходов лесопиления | |
| 210 |
_aАрхангельск _cНауч.-исслед. сектор Арханг. лесотехн. ин-т им. Куйбышева _d1940 |
||
| 461 | 0 |
_1001rc\2902495 _12001#$a[Издания]$eВып. 1-$fНаркомлес СССР - ГУУЗ. Арханг. лесотехн. ин-т им. В.В. Куйбышева. Каф. механизации лесоразработок$vВып. 15 _96216751 _aАрхангельский лесотехнический институт им. В. В. Куйбышева _cАрхангельск _d1938-1941 _fНаркомлес СССР - ГУУЗ. Арханг. лесотехн. ин-т им. В.В. Куйбышева. Каф. механизации лесоразработок _nБ. и. _oВып. 1- _t[Издания] _vВып. 15 |
|
| 700 | 1 |
_aЧерменский _bВ.Д. |
|
| 801 | 0 |
_aRU _bNLR _gpsbo |
|
| 801 | 1 |
_aRU _bELAR _2rusmarc |
|
| 852 |
_aNLR _j38-17/319 |
||
| 942 | _cUNSPEC | ||
| 980 | _aNB | ||